| 000 | 01487cam a2200133 4500500 | ||
|---|---|---|---|
| 005 | 20251214002049.0 | ||
| 041 | _afre | ||
| 042 | _adc | ||
| 100 | 1 | 0 |
_aTalandier, Magali _eauthor |
| 245 | 0 | 0 | _aDéveloppement territorial : Repenser les relations villes-campagnes |
| 260 |
_bArmand Colin,
_c2023. |
||
| 520 | _aLa révolution industrielle, l’essor d’une économie tertiaire, puis la globalisation ont profondément modifié notre rapport à l’espace, à l’habiter, nous faisant ainsi passer d’une société rurale à une société métropolisée. Tous les territoires accompagnent, subissent, anticipent ces transformations socio-économiques. À l’heure de l’urgence climatique, les villes, à la fois productrices et consommatrices de ressources, doivent inventer de nouveaux modes de développement, plus sobres et plus résilients. Cet ouvrage propose une synthèse des modèles de développement territorial et une analyse de leurs impacts sociaux et environnementaux. Il présente également des exemples alternatifs sur la base de cas concrets, qui permettent de mettre à distance les concepts établis et les approches caricaturales, afin de repenser de façon systémique les liens entre villes et campagnes. Car, c’est à cette condition que les territoires pourront devenir des leviers essentiels de la transition socio-écologique. | ||
| 856 | 4 | 1 | _uhttps://shs.cairn.info/developpement-territorial--9782200632632?lang=fr&redirect-ssocas=7080 |
| 999 |
_c1566745 _d1566745 |
||